Nalaganje...

Anadhikarathinte balaprayogangal /

Bibliografske podrobnosti
Drugi avtorji: Radhakrishnan , Cherivalli (Editor)
Jezik:Undetermined
Izdano: Thiruvananthapuram : Chintha Publishers , 2013.
LEADER 00575nam a2200157Ia 4500
001 184690
008 170722s9999 xx 000 0 und d
020 |a 9383155930 
245 |a Anadhikarathinte balaprayogangal / 
260 |a Thiruvananthapuram :  |b Chintha Publishers ,  |c 2013. 
300 |a 208 p. 
700 |a Radhakrishnan , Cherivalli  |e editor. 
923 |d 20131106  |n 0051 
942 |c GEN 
999 |c 151975  |d 151975 
952 |0 0  |1 0  |4 0  |6 Y_1545151_2_000000000000000_32Q3KR  |7 0  |8 KR  |9 213923  |a LIB  |b LIB  |d 2014-01-20  |e Chintha Publishers  |o Y15:45151.2 32Q3(KR)  |p 294352  |r 2017-08-12  |w 2017-08-12  |y GEN